Euroopan valtioita vihjeiden mukaan - Statistics

Yleistilastot
  • Tätä visaa on pelattu 3 019 kertaa
  • Keskiarvotulos 23 / 28
Vastaustilastot
Vihjeet Valtio % Oikein
Napoleon, samppanja, Eiffel-torni Ranska
100%
olut, Schwarzwald, Beethoven Saksa
98%
Ikea, lihapullat, Volvo Ruotsi
97%
mafia, pizza, renessanssi Italia
96%
Kreeta, olympialaiset, Parthenon Kreikka
96%
pienin valtio, paavi Vatikaanivaltio
96%
Christiansborg, pyöräily, Lego Tanska
95%
Kreml, kylmä sota, Tšaikovski Venäjä
92%
sauna, talvisota, Lappi Suomi
91%
suklaa, ranskalaiset, EU:n pääkaupunki Belgia
88%
cava, Aurinkorannikko, tapas Espanja
88%
bulldoggit, Cornwall, Buckingham Yhdistynyt kuningaskunta
88%
Mozart, Sound of Music, Freud Itävalta
86%
vuonot, Nobelin rauhanpalkinto, Ibsen Norja
84%
ruhtinas Albert, kasino, Formula 1 Monaco
82%
koristemunat, Tšernobyl, borssi Ukraina
82%
kannabis, kanavat, Anne Frank Alankomaat
81%
saari, ritarikunta, Valletta Malta
80%
Alpit, entinen Jugoslavia, Ljubljana Slovenia
79%
kaksipäinen kotka lipussa, muslimienemmistö Albania
75%
Cern, rannekellot, Matterhorn Sveitsi
72%
Böömi, Kaarlensilta, Škoda Tšekki
71%
Limerick, Blarney Stone, jaettu saari Irlanti
69%
gulassi, vuoden 1956 kansannousu, Balatonjärvi Unkari
64%
katalaani, Pyreneet, ruhtinaskumppanit Andorra
60%
kielbasa, Chopin, Kopernikus Puola
58%
Algarve, Azorit, Douron laakso Portugali
51%
Skype, sähköinen äänestäminen, kiiking Viro
47%
Ehtoja vastaavia visoja ei löytynyt
Tulosjakauma
Jokaisen tuloksen saaneiden osuus
Persentiili vastausten määrän mukaan
Tuloshistoriasi
Et ole pelannut tätä visaa